000 01365nam a2200337 i 4500
003 DO-SdBNP
005 20250721114407.0
007 ta
008 250721b2012 dr || |||| 000 0 spa d
020 _a9789945471311
040 _aDO-SdBNP
_bspa
_cBNPHU
_erda
041 _aspa
082 _aRD 341.245
_bG261ó
_222
100 1 _aGatón Rosa, Iván Ernesto
_eautor
_4aut.
_922520
245 1 3 _aLa Organización de Estados Americanos (OEA) y la aplicación del principio democrático /
_cIván Ernesto Gatón Rosa ; presentación, Antonio Remiro Brotons
264 _aSanto Domingo :
_bEditora Amigo del Hogar,
_c2012.
300 _a191 páginas ;
_c23 cm.
336 _atexto
_btxt
_2rdacontent
337 _asin mediación
_bn
_2rdamedia
338 _avolumen
_bnc
_2rdacarrier
500 _aIncluye datos del autor en la solapa de la cubierta.
500 _aPresentado como tesina del diplomado en Estudios Avanzados (DEA). del doctorado en Derecho Internacional y Relaciones Internacionales.
500 _aIncluye notas a pie de páginas.
504 _aBibliografía p: 179-186.
590 _aInventariado, 2025/ YL
610 7 _aOrganización de Estados Americanos (OEA)
_988400
650 7 _aDemocracia
_zAmérica Latina
_988399
700 1 _aRemiro Brotóns, Antonio
_d1945-
_988401
_epresentador
_4pr.
910 _aYLockward
942 _2ddc
_cLBS1
999 _c59589
_d59589